Dates importantes de la Révolution - Statistiques

Statistiques générales
  • Ce quiz a été pris 161 fois
  • Le résultat moyen est 11 sur 22
Statistiques - réponses
Hint Réponse % Correct
Prise de la Bastille 14 juillet 1789
83%
Abolition des privilèges 4 août 1789
69%
Exécution de Louis XVI 21 janvier 1793
68%
Serment du jeu de paume 20 juin 1789
66%
Fête de la Fédération 14 juillet 1790
64%
Déclaration des droits de l'homme et du citoyen 26 août 1789
63%
Fuite à Varennes 20 juin 1791
57%
Chute de Robespierre 27 juillet 1794
57%
Constitution de 1793 24 juin 1793
56%
Sacre de Napoléon 2 décembre 1804
56%
Coup d'Etat de Bonaparte 9 novembre 1799
56%
Ouverture des États généraux 5 mai 1789
54%
1ère abdication de Napoléon 6 avril 1814
54%
2ème abdication de Napoléon 22 juin 1815
48%
Prise des Tuileries 10 août 1792
46%
Défaite de Waterloo 18 juin 1815
43%
Victoire de Valmy 20 septembre 1792
43%
Code civil 21 mars 1804
36%
Abolition de la monarchie 21 septembre 1792
34%
Concordat 15 juillet 1801
26%
Rétablissement de l'esclavage 20 mai 1802
23%
Abolition de l'esclavage 4 février 1794
20%
Aucun quiz correspondant
Distribution des résultats
% des personnes avec chaque résultat
Percentile par nombre de réponses
Votre historique - résultats
Vous n’avez pas pris ce quiz